000 00462nam a2200145 4500
001 132534
003 ES-MaACL
007 t|
008 070214s1979 sp r ||||1| spa d
100 1 _aRomán Pastor, Carmen.
_999230
245 1 0 _aSebastián de la Plaza, Alarife de la Villa de Alcalá de Henares /
_cCarmen Román Pastor.
260 _aMadrid :
_b[s.n.],
_c1979 (
_fMusigráf. Arabí)
300 _aUniversitaria :
_b3.
852 _aES-MaACL
_jL-422
_bR.101325
999 _c132534
_d132534